Countries and Territories in Free Association - Statistics

General Stats
  • This quiz has been taken 675 times
  • The average score is 13 of 20
Answer Stats
Minor Partner Associated with When % Correct
Liechtenstein Switzerland 1923-present
82%
San Marino Italy 1862-present
81%
Andorra France and Spain 1278-present
79%
Vatican City Switzerland and Italy 1506-present, 1929-present
78%
Palau United States 1994-present
73%
Marshall Islands United States 1986-present
72%
Federated States of Micronesia United States 1986-present
70%
Monaco France 1861-present
70%
Samoa New Zealand 1962-present
67%
Nauru Australia 1968-present
65%
Kiribati Australia and New Zealand 1979-present
61%
Niue New Zealand 1974-present
59%
Cook Islands New Zealand 1965-present
58%
Saint Christopher-Nevis-Anguilla United Kingdom 1967-1983
58%
Saint Lucia United Kingdom 1967-1979
55%
Grenada United Kingdom 1967-1974
54%
Saint Vincent United Kingdom 1969-1979
54%
Antigua United Kingdom 1967-1981
51%
Dominica United Kingdom 1967-1978
47%
Commonwealth of the Philippines United States 1935-1946
41%
No matching quizzes found
Score Distribution
Percent of People with Each Score
Percentile by Number Answered
Your Score History
You have not taken this quiz